| 000 | 01901nam a2200385 a 4500 | ||
|---|---|---|---|
| 001 | ebr10470652 | ||
| 003 | CaPaEBR | ||
| 006 | m u | ||
| 007 | cr cn||||||||| | ||
| 008 | 100917s2011 mau sb 001 0 eng d | ||
| 010 | _z 2010039518 | ||
| 020 | _z9789004188785 (hardback : alk. paper) | ||
| 020 | _z9789004188792 (e-book) | ||
| 040 |
_aCaPaEBR _cCaPaEBR |
||
| 035 | _a(OCoLC)727944983 | ||
| 050 | 1 | 4 |
_aK579.L5 _bB368 2011eb |
| 082 | 0 | 4 |
_a344.04/6 _222 |
| 100 | 1 | _aBarboza, Julio. | |
| 245 | 1 | 4 |
_aThe environment, risk and liability in international law _h[electronic resource] / _cby Julio Barboza. |
| 260 |
_aLeiden [Netherlands] ; _aBoston : _bMartinus Nijhoff Publishers, _c2011. |
||
| 300 | _axxv, 204 p. | ||
| 490 | 1 |
_aLegal aspects of sustainable development, _x1875-0923 ; _vv. 10 |
|
| 504 | _aIncludes bibliographical references and index. | ||
| 505 | 0 | _aRisk and harm, prevention and liability -- Responsibility and liability in international law -- Conventional law -- Other aspects of international practice -- The development of the subject at the International Law Commission -- The development in the International Law Commission : consideration of the topic since 1997. | |
| 533 |
_aElectronic reproduction. _bPalo Alto, Calif. : _cebrary, _d2013. _nAvailable via World Wide Web. _nAccess may be limited to ebrary affiliated libraries. |
||
| 650 | 0 | _aLiability (Law) | |
| 650 | 0 | _aGovernment liability (International law) | |
| 650 | 0 | _aLiability for environmental damages. | |
| 650 | 0 | _aEnvironmental law, International. | |
| 650 | 0 |
_aTransboundary pollution _xLaw and legislation. |
|
| 655 | 7 |
_aElectronic books. _2local |
|
| 710 | 2 | _aebrary, Inc. | |
| 830 | 0 |
_aLegal aspects of sustainable development ; _vv. 10. |
|
| 856 | 4 | 0 |
_uhttp://site.ebrary.com/lib/rucke/Doc?id=10470652 _zAn electronic book accessible through the World Wide Web; click to view |
| 999 |
_c115209 _d115209 |
||